| 000 | 00639nam a2200217 i 4500 | ||
|---|---|---|---|
| 001 | bg | ||
| 100 | 1 | _aMALEWICZ, Anna. | |
| 245 | 0 | 0 |
_aEncyklopedia władz spółek. _nT. 1, _pProblemy prawne / _cAnna Malewicz. |
| 260 |
_aWarszawa : _bCentrum Informacji Menedżera, _c1995. |
||
| 300 |
_a[3], 116 s. : _bwykr. ; _c20 cm. |
||
| 490 | 1 | _aLektury Menedżera | |
| 650 | 9 |
_aSpółki _xprawo _zPolska _ystan na 1995 r. |
|
| 830 | _aLektury Menedżera | ||
| 020 | _a8386210575 (t. 1) | ||
| 040 | _cBPK | ||
| 041 | 0 | _apl | |
| 080 | _a347.4(438) | ||
| 920 | _a83-86210-57-5 (t. 1) | ||
| 942 | _cKS | ||
| 008 | s pl f |000 0 pol | ||
| 999 |
_c33210 _d33210 |
||
| 856 |
_uhttp://koha.tu.koszalin.pl/cgi-bin/koha/opac-detail.pl?biblionumber=33210 _yKatalog online BPK |
||